Tutti gli Stati che hanno controllato Suva - Statistics

Statistiche generali
  • Questo quiz è stato fatto 7 volte
  • Il punteggio medio è 3 su 6
Statistiche sulle risposte
con Immagini Hint Risposta % Corretto
1874 - 1970 Impero Britannico (Colonia delle Figi)
100%
1987 - Oggi Repubblica delle Figi
83%
1871 - 1874 Regno delle Figi
33%
1865 - 1871 Confederazione dei Regni delle Figi
17%
1970 - 1987 Dominion delle Figi
17%
~1800 - 1865 Tribù Figiane
17%
Nessun quiz corrispondente trovato
Distribuzione punteggi
Percentuale di utenti per punteggio
Percentile per numero di risposta
I tuoi punteggi nel tempo
Non hai fatto questo quiz